[Event "Vicente Lopez ProAm 100 Years op"]
[Site "Buenos Aires"]
[Date "2022.10.14"]
[Round "4"]
[White "Risso, Fernando"]
[Black "Macchiavelli, Marcelo"]
[Result "1-0"]
[WhiteElo "1768"]
[BlackElo "1429"]
[PlyCount "129"]
[EventDate "2022.10.11"]
[EventType "swiss"]
[EventRounds "9"]
[EventCountry "ARG"]
[SourceTitle "CBM 210 Extra"]
[Source "ChessBase"]
[SourceDate "2022.11.30"]
[SourceVersion "1"]
[SourceVersionDate "2022.11.30"]
[SourceQuality "1"]

1. Nf3 Nf6 2. g3 b6 3. Bg2 Bb7 4. 0-0 e6 5. d4 Be7 6. c4 0-0 7. Nc3 Ne4 8. Qc2 Nxc3 9. Qxc3 d6 10. Rd1 Nd7 11. Bf4 Qe8 12. Rac1 f5 13. Qe3 Bf6 14. Bg5 h6 15. Bxf6 Nxf6 16. c5 Nd5 17. Qa3 Qd7 18. Rc2 Rfd8 19. Rdc1 c6 20. cxd6 Qxd6 21. Ne5 Ne7 22. Nxc6 Bxc6 23. Bxc6 Qxa3 24. bxa3 Nxc6 25. Rxc6 Rxd4 26. Rxe6 Rd2 27. Rc7 Rxa2 28. Rg6 Rxa3 29. Rgxg7+ Kh8 30. Rh7+ Kg8 31. Rcg7+ Kf8 32. Rg6 Re8 33. Rf6+ Kg8 34. Rb7 Rxe2 35. Rg6+ Kf8 36. Rxh6 Kg8 37. Rg6+ Kf8 38. Rf6+ Kg8 39. Rxf5 Re6 40. h4 a5 41. Rb5 Ra1+ 42. Kg2 a4 43. R5xb6 Rxb6 44. Rxb6 a3 45. Ra6 a2 46. g4 Kg7 47. h5 Kh7 48. Kf3 Kg7 49. Kf4 Kh7 50. Kg5 Kg7 51. Ra7+ Kg8 52. h6 Rb1 53. Rxa2 Rb5+ 54. Kg6 Rb6+ 55. Kh5 Kh7 56. Ra7+ Kh8 57. g5 Rb5 58. Kg4 Rb4+ 59. f4 Rb6 60. f5 Rb4+ 61. Kh5 Rb8 62. g6 Kg8 63. h7+ Kh8 64. Kh6 Rg8 65. hxg8Q+ 1-0

[Event "Rosario Bandera Memorial"]
[Site "Rosario"]
[Date "2017.06.20"]
[Round "6"]
[White "Savoretti, Ernesto"]
[Black "Risso, Fernando"]
[Result "0-1"]
[WhiteElo "2026"]
[BlackElo "1713"]
[PlyCount "52"]
[EventDate "2017.06.17"]
[EventType "swiss"]
[EventRounds "7"]
[EventCountry "ARG"]
[SourceTitle "EXT 2018"]
[Source "ChessBase"]
[SourceDate "2017.10.13"]
[SourceVersion "1"]
[SourceVersionDate "2017.10.13"]
[SourceQuality "1"]

1. d4 Nf6 2. c4 g6 3. Nc3 d5 4. cxd5 Nxd5 5. e4 Nxc3 6. bxc3 Bg7 7. Nf3 c5 8. Rb1 0-0 9. Be2 Nc6 10. d5 Ne5 11. Nxe5 Bxe5 12. Qc2 Qc7 13. g3 e6 14. f4 Bg7 15. c4 exd5 16. cxd5 Re8 17. 0-0 Bd4+ 18. Kh1 Rxe4 19. Rd1 Bf5 20. Bd3 Rae8 21. Bb2 Re2 22. Qb3 Bxd3 23. Rxd3 Re1+ 24. Rxe1 Rxe1+ 25. Kg2 Re2+ 26. Kf3 Rf2+ 0-1

[Event "Rosario Bandera Memorial"]
[Site "Rosario"]
[Date "2017.06.18"]
[Round "4"]
[White "Barchiesi, Julian"]
[Black "Risso, Fernando"]
[Result "0-1"]
[WhiteElo "1318"]
[BlackElo "1713"]
[PlyCount "44"]
[EventDate "2017.06.17"]
[EventType "swiss"]
[EventRounds "7"]
[EventCountry "ARG"]
[SourceTitle "CBM 179 Extra"]
[Source "ChessBase"]
[SourceDate "2017.08.23"]
[SourceVersion "1"]
[SourceVersionDate "2017.08.23"]
[SourceQuality "1"]

1. e4 c5 2. Nf3 e6 3. d4 cxd4 4. Nxd4 a6 5. c4 Qc7 6. Nc3 Nf6 7. Be2 Nc6 8. Be3 Bb4 9. 0-0 Bxc3 10. bxc3 Nxe4 11. Qd3 Nf6 12. Nb3 0-0 13. Rfd1 Ne5 14. Qd4 Ng6 15. Rab1 d5 16. cxd5 Nxd5 17. Nc5 b6 18. Na4 Nxe3 19. Nxb6 Nxd1 20. Nxa8 Nxc3 21. Bd3 Qe5 22. Qc4 Nxb1 0-1

[Event "Rosario Bandera Memorial"]
[Site "Rosario"]
[Date "2017.06.17"]
[Round "1"]
[White "Lorenzini, Martin"]
[Black "Risso, Fernando"]
[Result "1-0"]
[WhiteElo "2453"]
[BlackElo "1713"]
[PlyCount "57"]
[EventDate "2017.06.17"]
[EventType "swiss"]
[EventRounds "7"]
[EventCountry "ARG"]
[SourceTitle "CBM 179 Extra"]
[Source "ChessBase"]
[SourceDate "2017.08.23"]
[SourceVersion "1"]
[SourceVersionDate "2017.08.23"]
[SourceQuality "1"]

1. e4 c5 2. Nf3 e6 3. c3 d5 4. exd5 exd5 5. d4 Nf6 6. Be2 Qc7 7. 0-0 Be7 8. dxc5 0-0 9. b4 b6 10. cxb6 axb6 11. Bb2 Bb7 12. Nbd2 Rd8 13. a3 Ne4 14. Rc1 Bf6 15. Qc2 Nd7 16. Bd3 Ne5 17. Nxe5 Bxe5 18. Nf3 Bf4 19. Rcd1 Rd6 20. g3 Rg6 21. Rfe1 Qc8 22. c4 Qh3 23. Rxe4 dxe4 24. Bxe4 Qc8 25. Nh4 Rg4 26. Bxb7 Qxb7 27. Qf5 Rxh4 28. Rd7 Bxg3 29. Qxf7+ 1-0